Normal view
MARC view
- Mollica, Patti
Entry Personal Name
001 - CONTROL NUMBER
- control field: 38436
003 - CONTROL NUMBER IDENTIFIER
- control field: OSt
005 - DATE AND TIME OF LATEST TRANSACTION
- control field: 20150922112728.0
008 - FIXED-LENGTH DATA ELEMENTS
- fixed length control field: 150922|| aca||aabn | a|a d
040 ## - CATALOGING SOURCE
- Original cataloging agency: OSt
100 1# - HEADING--PERSONAL NAME
- Personal name: Mollica, Patti